Normal view
MARC view
- Oxford and IBH Publishing Co
Entry Corporate Name
001 - CONTROL NUMBER
- control field: 40823
003 - CONTROL NUMBER IDENTIFIER
- control field: NUST
005 - DATE AND TIME OF LATEST TRANSACTION
- control field: 20210314131908.0
008 - FIXED-LENGTH DATA ELEMENTS
- fixed length control field: 210314|| aca||aabn | a|a d
040 ## - CATALOGING SOURCE
- Original cataloging agency: NUST
- Transcribing agency: NUST
110 ## - HEADING--CORPORATE NAME
- Corporate name or jurisdiction name as entry element: Oxford and IBH Publishing Co
670 ## - SOURCE DATA FOUND
- Source citation: Work cat.: (NUST): Oxford and IBH Publishing Co., Fatigue and fracture in steel and concrete structures /, 1991.
